Scottish Cities - Statistics

General Stats
  • This quiz has been taken 126 times
    61 since last reset
  • The average score is 7 of 8
Answer Stats
City Population Year Obtained % Correct
Glasgow 632,350 1700s
100%
Edinburgh 506,520 1700s
98%
Aberdeen 198,590 1891
96%
Dundee 148,210 1889
89%
Inverness 51,600 2000
89%
Perth 47,350 2012
76%
Stirling 37,910 2002
67%
Dunfermline 54,990 2022
47%
No matching quizzes found
Score Distribution
Percent of People with Each Score
Percentile by Number Answered
Your Score History
You have not taken this quiz since the last reset